A carregar...
Energy and the environment
| Outros Autores: | |
|---|---|
| Formato: | Printed Book |
| Idioma: | English |
| Publicado em: |
Cambridge:
Royal society of chemistry,
c1990.
|
| Assuntos: |
| LEADER | 00564nam a22001817a 4500 | ||
|---|---|---|---|
| 005 | 20160323130435.0 | ||
| 008 | 100421t xxu||||| |||| 00| 0 eng d | ||
| 082 | |a 614.7 |b DUN | ||
| 245 | |a Energy and the environment | ||
| 300 | |a xiii , 321p. | ||
| 653 | |a Energy | ||
| 653 | |a Environmen | ||
| 700 | |a Dunderdale , J , ed |9 8617 | ||
| 942 | |c BK |6 _ | ||
| 260 | |a Cambridge: |b Royal society of chemistry, |c c1990. | ||
| 020 | |a 0851866476 | ||
| 999 | |c 158043 |d 158043 | ||
| 952 | |0 0 |1 0 |2 ddc |4 0 |6 6147_DUN |7 0 |9 206531 |a DAC |b DAC |d 2010-04-21 |o 614.7 DUN |p CHE2727 |r 2010-04-21 |w 2010-04-21 |y BK | ||